Länder an Vokalen erkennen Teil 1 - Statistiken

Allgemein
  • Dieses Quiz wurde 207 mal gespielt
  • Das Durchschnittsergebnis liegt bei 7 aus 15
Antwortstatistiken
Hint Antwort % Korrekt
?AO? Laos
96%
?U?A Kuba
62%
I??O?E?IE? Indonesien
60%
?A?A?A Kanada
58%
?? ?U?CIA St Lucia
56%
?E?O??O Lesotho
53%
?A?UA?U Vanuatu
51%
??I ?A??A Sri Lanka
45%
?O?A?IA Somalia
44%
??I?A China
40%
?O??E?E??O Montenegro
38%
?O?I?IE? Bolivien
36%
?A??A Malta
34%
?A?A?A? Bahamas
25%
??A??A? Myanmar
4%
Keine übereinstimmenden Quizze gefunden
Verteilung der Resultate
Anzahl Personen mit jedem Resultat
Perzentil nach korrekt beantworteten Fragen
Ihre Resultats-Entwicklung
Sie haben dieses Quiz noch nicht gespielt